MARC

LEADER 00000nam0a2200000 4500
001 19228
005 20231101205246.0
010 |a 5250019609 
035 |a (RuTPU)RU\TPU\book\19389 
035 |a BOOK00004077 
090 |a 19228 
100 |a 20011209d1992 km y0rusy50 ca 
101 1 |a rus  |c ger 
102 |a RU 
105 |a y z 000zb 
200 1 |a Жизнь Иисуса  |e Кн. 1 и 2  |e пер. с нем. В. Ульриха  |f Д. Ф. Штраус 
210 |a Москва  |c Республика  |d 1992 
215 |a 528 с. 
600 0 |a Иисус Христос (Ешуа Машиах)  |c согласно христианскому вероучению, Богочеловек, основатель христианства  |f 4 г. до н. э.? - около 30  |2 stltpush  |3 (RuTPU)RU\TPU\pers\7261 
610 1 |a религия 
610 1 |a христианство 
610 1 |a история 
686 |a Э37-228  |v LBC/SL-A  |2 rubbk 
700 1 |a Штраус  |b Д. Ф.  |c немецкий философ и теолог  |f 1808-1874  |g Давид Фридрих  |2 stltpush  |3 (RuTPU)RU\TPU\pers\13014  |9 3720 
702 1 |a Ульрих  |b В.  |4 730 
801 0 |a RU  |b 63413507  |c 20011209  |g PSBO 
801 2 |a RU  |b 63413507  |c 20110810  |g PSBO 
942 |c BK